Family Law (Record no. 274756)

MARC details
000 -LEADER
fixed length control field 00336pam a2200145a 44500
008 - FIXED-LENGTH DATA ELEMENTS--GENERAL INFORMATION
fixed length control field 230405s2023 xxu||||| |||| 00| 0 eng d
041 ## - LANGUAGE CODE
Language code of text/sound track or separate title ENG
100 ## - MAIN ENTRY--PERSONAL NAME
Personal name Paras Diwan
245 ## - TITLE STATEMENT
Title Family Law
250 ## - EDITION STATEMENT
Edition statement 2022 Ed.
260 ## - PUBLICATION, DISTRIBUTION, ETC.
Place of publication, distribution, etc. Allahabad
Name of publisher, distributor, etc. Allahabad Law Agency
Date of publication, distribution, etc. 2023
300 ## - PHYSICAL DESCRIPTION
Extent 1-617p.
650 ## - SUBJECT ADDED ENTRY--TOPICAL TERM
Topical term or geographic name entry element FAMILY LAW
906 ## - LOCAL DATA ELEMENT F, LDF (RLIN)
a 3782

No items available.